000
00284nam a2200109Ia 4500
008
190216s9999||||xx |||||||||||||| ||und||
100
_a
"Gurdeep Chatwal&Amp; Yadav M,S"
245
0
_a
Organometallic Chemistry
260
_b
Himalaya Publishing House
_c
1995
300
_a
359p
942
_c
BK
999
_c
2809
_d
2809